00553nam a2200157 a 450000100060000000300090000600800410001502000150005604000280007108200130009924500960011226000440020830000100025265000580026265000750032010602CO-ViMGA141112s2004 ck r 000 u spa d a9589057098 aCO-ViMGAbspacCO-ViMGA04a572 C65e10aEtnohistoria e Historia de las Américas : b45o Congreso Internacional de Américanistas aBogotá : bEdiciones Uniandes, c1988 a271p.14aETNOLOGIA - América LATINA - CONGRESO - CONFERENCIA14aINDIGENAS DE América DEL SUR - COSTUMBRES - CONGRESOS - CONFERENCIAS